La abertura del triángulo (Registro nro. 132073)

Detalles MARC
000 -LEADER
campo de control de longitud fija 00663nam a2200193 4500
001 - NÚMERO DE CONTROL
campo de control 132073
003 - IDENTIFICADOR DE NÚMERO DE CONTROL
campo de control ES-MaACL
005 - FECHA Y HORA DE LA ÚLTIMA TRANSACCIÓN
campo de control 20230906194111.0
007 - CAMPO FIJO DE DESCRIPCIÓN FÍSICA--INFORMACIÓN GENERAL
campo de control de longitud fija t|
008 - DATOS DE LONGITUD FIJA--INFORMACIÓN GENERAL
campo de control de longitud fija 070214s1969 es r ||||1| spa d
100 1# - ENTRADA PRINCIPAL--NOMBRE DE PERSONA
Nombre de persona Rodríguez Ruíz, Napoleón.
9 (RLIN) 98782
245 13 - MENCIÓN DEL TÍTULO
Título La abertura del triángulo
Resto del título : cuento /
Mención de responsabilidad, etc. Napoleón Rodríguez Ruíz.
250 ## - MENCION DE EDICION
Mención de edición 1ª ed.
260 ## - PUBLICACIÓN, DISTRIBUCIÓN, ETC.
Lugar de publicación, distribución, etc. San Salvador :
Nombre del editor, distribuidor, etc. Ministerio de Educación, Dirección General de Cultura,
Fecha de publicación, distribución, etc. 1969.
300 ## - DESCRIPCIÓN FÍSICA
Extensión 118 p. ;
Dimensiones 21 cm.
500 ## - NOTA GENERAL
Nota general Segundo Premio República de El Salvador, 1968.
710 2# - ENTRADA AGREGADA--NOMBRE DE ENTIDAD CORPORATIVA
Nombre de entidad corporativa o nombre de jurisdicción como elemento de entrada El Salvador.
Unidad subordinada Dirección General de Cultura.
9 (RLIN) 3460
852 ## - LOCALIZACIÓN
Ubicación ES-MaACL
Número de control de estantería C-42657
Sublocalización o colección R.81356
Existencias
Estatus retirado Estado de pérdida Estado de daño No para préstamo Biblioteca de origen Biblioteca actual Ubicación en estantería Fecha de adquisición Fuente de adquisición Total de préstamos Signatura topográfica completa Código de barras Visto por última vez Precio de reemplazo Tipo de ítem Koha
        Biblioteca del Ateneo de Madrid Biblioteca del Ateneo de Madrid Depósito 2 17/01/2008     C-42657 1137504 23/02/2023 23/02/2023 Libro impreso